000 04032cam a22013214i 4500
001 u154962
003 PE-LiUPU
005 20250813185318.0
008 160119s2014 ck a rb 000 0 spa d
020 _a9789589090367
035 _a(Sirsi) i9789589090367
040 _aCO-BoBLA
_bspa
_cCO-BoBLA
_dPE-LiUPU
_erda
049 _aPRUA
082 0 4 _a333.72
_bJ24
_221
082 0 4 _a574.5
_bJ24 2014
100 1 _aJaramillo Jaramillo, Justo Pastor,
_eautor.
245 1 0 _aEcología y medio ambiente :
_bprograma tecnología en gestión pública /
_cJusto Pastor Jaramillo Jaramillo, Claudia Azucena Calle Bernal.
250 _aPrimera edición.
264 1 _aMedellín :
_bFondo editorial Politecnico Colombiano. Jaime Isaza Cadavid,
_c2014.
300 _a134 páginas :
_bilustraciones ;
_c25 centímetros
336 _atext
_2rdacontent
337 _aunmediated
_2rdamedia
338 _avolume
_2rdacarrier
504 _aBibliografía : páginas 130-133.
505 0 _aGeneralidades acerca de la ecología -- Ecosistemas -- Ciclos biogeoquímicos y ecológicos -- Ecología de poblaciones -- Recursos naturales -- Problemas ambientales locales, regionales, globales -- Conferencias- cumbres ambientales mundiales -- Principios ambientales de nivel constitucional y legal -- Políticas ambientales nacionales -- Lineamientos para la gestión ambiental.
526 _aP202
526 _aP201
526 _aP163
526 _aP162
526 _aP161
526 _aP160
526 _aP148
526 _aP147
526 _aP146
526 _aP145
526 _aP144
526 _aP143
526 _aP142
526 _aP141
526 _aP140
526 _aP139
526 _aP138
526 _aP137
526 _aP136
526 _aP135
526 _aP134
526 _aP133
526 _aP129
526 _aP128
526 _aP127
526 _aP120
526 _aP119
526 _aP118
526 _aP116
526 _aP115
526 _aP114
526 _aP110
526 _aP109
526 _aP108
526 _aP104
526 _aP103
526 _aP102
526 _aP99
526 _aP98
526 _aP97
526 _aP96
526 _aP95
526 _aP93
526 _aP90
526 _aP89
526 _aP88
526 _aP83
526 _aP82
526 _aP62
526 _aP59
526 _aP58
526 _aP57
526 _aP51
526 _aP49
526 _aP48
526 _aP47
526 _aP29
526 _aP24
526 _aP20
526 _aP19
526 _aP17
526 _aP15
526 _aP14
526 _aP12
526 _aP10
526 _aP09
526 _aP08
526 _aP07
526 _aP06
526 _aP05
526 _aP04
526 _aP01
541 _g001-003081;
596 _a1 2
650 _aEcología.
_92193
650 _aEducación ambiental.
650 _aProtección del medio ambiente.
650 4 _aConservación de los recursos naturales.
_91146
700 1 _aCalle Bernal, Claudia Azucena,
_eautor.
910 _aaas
_bjv
_caas
_d20160119
942 _2ddc
_cBOOK
994 _aC0
_bPEPRU
949 _a574.5 J24 2014
_wDEWEY
_c1
_iFT03044
_d2018-5-31
_e2018-5-30
_lCCODEBUT1
_mBUT
_n3
_p20.00
_r0
_sY
_tBOOK
_u2015-10-19
_xINGENIERIA
_PP24
_0COMPRA
_o.STAFF. Colección General
949 _aPGE 333.72 J24
_wDEWEY
_c1
_i72310
_f2018-2-12
_g2
_lCCODEBUL1
_mBUL
_p28.99
_r0
_sY
_tBOOK
_u2016-1-19
_xEDUCACION
_PP57
_0COMPRA
_o.STAFF. Posgrado
999 _a574.5 J24 2014
_wDEWEY
_c7655
_iFT03044
_d7655
_e2018-6-13
_f2019-2-20
_g1
_lCCODEBUT1
_mBUT
_n4
_p20.00
_r0
_sY
_tBOOK
_u2015-10-19
_xINGENIERIA
_PP24
_0COMPRA
_o.STAFF. Colección General
999 _aPGE 333.72 J24
_wDEWEY
_c1
_i72310
_f2021-11-9
_g5
_lCCODEBUL1
_mBUL
_p28.99
_r0
_sY
_tBOOK
_u2016-1-19
_xINGENIERIA
_PP57
_0COMPRA
_o.STAFF. Posgrado
980 _81
_gALBERTO SANCHEZ Responsable de Automatización